00829nam a2200181Ia 4500003000900000008004100009020001800050040001600068080002300084111009400107245025500201260004800456300001700504490002700521650003900548700002300587710003700610IN-BaIIA211028s9999 xx 000 0 eng d a0-521-86347-3 cIIA Library a082.2:52bIAU-S238 aSymposium of the International Astronomical Unionn238thcCzech Republicd2006 Aug. 21-25 0aBlack holes from stars to galaxies-across the range of massesbproceedings of the 238th symposium of the IAU held in Prague, Czech Republic, 21-25 August, 2006cedited by Vladimir Karas and Giorgio Matt  aCambridgebCambridge University Pressc2007 axviii, 482p. aIAU symposium; no. 238 aBlack holes (Astronomy)-Congresses aMatt, Giorgio, ed. aInternational Astronomical Union